000
00319nam a2200109Ia 4500
008
200302s9999 xx 000 0 und d
100
_a
Norman K. Booth & Other
245
_a
Residential Landscape Architecture Design Process for the Private Residence
260
_b
Prentice Hall Inc.
260
_c
1991
300
_a
377 P.,
999
_c
2120
_d
2120